DK Zrkadlový háj, Bratislava - interiér
Salvato in:
| Autore principale: | |
|---|---|
| Altri autori: | |
| Natura: | Manoscritto Libro |
| Lingua: | slovacco |
| Pubblicazione: |
Bratislava
2015
|
| Soggetti: | |
| Accesso online: | http://is.stuba.sk/zp/portal_zp.pl?podrobnosti=112557 |
| Tags: |
Nessun Tag, puoi essere il primo ad aggiungerne!!
|
MARC
| LEADER | 00000ntm a22000003a 4500 | ||
|---|---|---|---|
| 001 | stuzp52312 | ||
| 003 | SK-STU | ||
| 005 | 20210309080438.0 | ||
| 007 | ta | ||
| 008 | 150427s2015----xo-----f-mn---000-0-slo-d | ||
| 040 | |a STU |b slo | ||
| 041 | 0 | |a slo | |
| 100 | 1 | |a Štrpková, Nina, |d 1991- |u 055150 |4 aut |U FAD Fakulta architektúry a dizajnu |U FAD Fakulta architektúry |T FA Ústav interiéru a výstavníctva |X 68898 |U A5150 |Y 396 |7 A000068898 | |
| 242 | 0 | 1 | |a DK Zrkadlový háj, Bratislava - interiér |y eng |
| 245 | 1 | 0 | |a DK Zrkadlový háj, Bratislava - interiér |
| 260 | |c 2015 |a Bratislava | ||
| 650 | 4 | |a Zrkadlový háj |2 slo | |
| 650 | 4 | |a kultúrny dom |2 slo | |
| 650 | 4 | |a interiér |2 slo | |
| 650 | 4 | |a rekonštrukcia |2 slo | |
| 650 | 4 | |a interior |2 eng | |
| 650 | 4 | |a renovation |2 eng | |
| 650 | 4 | |a cultural centre |2 eng | |
| 650 | 4 | |a culture |2 eng | |
| 700 | 1 | |a Hronský, Michal C. |d 1969 |4 ths |X 404 |7 A000000404 | |
| 856 | 4 | |u http://is.stuba.sk/zp/portal_zp.pl?podrobnosti=112557 |u https://opac.crzp.sk/?fn=detailBiblioForm&sid=D6D76FDBEB5D0472DB7CCAD57304 | |
| SQL | |a stuzp52312 |b DDP |c SLO |d DK Zrkadlový háj, Bratislava - interiér |e 68898 |f Štrpková, Nina |g 055150 |h 404 |i Hronský, Michal |j 20150603 |k 640 |l 05 |m http://is.stuba.sk/zp/portal_zp.pl?podrobnosti=112557 |n I-DZ |o 2.2.6. dizajn | ||